| 000 | 00469nam a2200145Ia 4500 | ||
|---|---|---|---|
| 008 | 210716s2014 xx 000 0 und d | ||
| 020 | _a9780749469276 | ||
| 041 | _aeng | ||
| 082 | _a658.802 GEOP | ||
| 100 | _aGeorges, Patrick M; Bayle-Tourtoulou, Anne-Sophie; Badoc, Michel. | ||
| 245 |
_aNeuromarketing in action: how to talk and sell to the brain. _bHow to talk and sell to the brain. |
||
| 250 | _a1 | ||
| 260 |
_aNew Delhi _bKogan Page _c2014 |
||
| 300 | _aix,270 | ||
| 999 |
_c195550 _d195550 |
||